|
วิทยาลัยพยาบาลบรมราชชนนี ยะลา |
|
แสดงรายละเอียดบรรณานุกรม |
|
|
Brief Record
: Get Marc (ISO 2709)
: E-mail record
: |
|
|
|
| LEADER 00000nam 2200000uu 4500 | |||
| 001 137 | |||
| 003 ULIBM | |||
| 008 230710s2562||||th 000 0 tha d | |||
| 020 ^a9786161140564 | |||
| 060 04 ^aWY100^bธ632น | |||
| 100 0 ธีรพร สถิรอังกูร | |||
| 245 10 ^aแนวทางการจัดบริการพยาบาลผู้ป่วยระยะกลาง /^cธีรพร สถิรอังกูรและคณะ | |||
| 250 ^aพิมพ์ครั้งที่ 1 | |||
| 260 ^aนนทบุรี :^bสำนักพิมพ์สื่อตะวัน,^c2562. | |||
| 300 ^a163 หน้า :^bภาพประกอบ ;^c21 ซม. | |||
| 650 7 ^aกระบวนการพยาบาล | |||
| 650 7 ^aการพยาบาล, การจัดการ | |||
| 650 7 ^aผู้ป่วย^xการพยาบาล | |||
| 650 7 ^aผู้ป่วย, การวางแผนดูแล | |||
| 700 0 สมจิตต์ วงศ์สุวรรณศิริ | |||
| 700 0 พัชรีย์ กลัดจอมพงษ์ | |||
| 710 2 ^aกระทรวงสาธารณสุข.^aสำนักงานปลัดกระทรวง.^aกองการพยาบาล. | |||
| 999 ^aฮัซวานี | |||
| คุณยังไม่ได้ล็อกอิน คุณสามารถมีกิจกรรมร่วมกับเว็บไซต์ได้ แต่ต้องล็อกอินก่อน :: |
|
| สถานะ | |||||||||
| 1. | หนังสือสำรอง สถานะ=หนังสือสำรอง | WY100 ธ632น 2562 ฉ.1 | ►หนังสือสำรอง | On Shelf ขอยืม | |||||
| 2. | หนังสือทางการพยาบาล | WY100 ธ632น 2562 ฉ.2 | ►หนังสือ ตำรา ทางการพยาบาล | On Shelf ขอยืม | |||||
| [แสดง 2/2 รายการ] | |||||||||
| รายการใกล้เคียง ผู้แต่ง [ธีรพร สถิรอังกูร]
หัวเรื่อง [กระบวนการพยาบาล]
|
BibComment |
| คอมเมนท์ทรัพยากรรายการนี้ |
|
|